Life together in the way of Jesus Christ : (Record no. 8463)
[ view plain ]
| 000 -LEADER | |
|---|---|
| fixed length control field | 00925nam a22002057a 4500 |
| 003 - CONTROL NUMBER IDENTIFIER | |
| control field | GBCCL |
| 005 - DATE AND TIME OF LATEST TRANSACTION | |
| control field | 20241126110651.0 |
| 008 - FIXED-LENGTH DATA ELEMENTS--GENERAL INFORMATION | |
| fixed length control field | 210222b ||||| |||| 00| 0 eng d |
| 020 ## - INTERNATIONAL STANDARD BOOK NUMBER | |
| International Standard Book Number | 9781602580619 (pbk. : alk. paper) |
| 020 ## - INTERNATIONAL STANDARD BOOK NUMBER | |
| International Standard Book Number | 1602580618 (pbk. : alk. paper) |
| 040 ## - CATALOGING SOURCE | |
| Transcribing agency | GBC |
| 082 ## - DEWEY DECIMAL CLASSIFICATION NUMBER | |
| Classification number | 230 |
| Item number | STI |
| 100 ## - MAIN ENTRY--PERSONAL NAME | |
| Personal name | Stiver, Dan R. |
| 9 (RLIN) | 14840 |
| 245 ## - TITLE STATEMENT | |
| Title | Life together in the way of Jesus Christ : |
| Remainder of title | an introduction to Christian theology / |
| Statement of responsibility, etc. | Dan R. Stiver. |
| 260 ## - PUBLICATION, DISTRIBUTION, ETC. | |
| Place of publication, distribution, etc. | Waco, Tex. : |
| Name of publisher, distributor, etc. | Baylor University Press, |
| Date of publication, distribution, etc. | c2009. |
| 300 ## - PHYSICAL DESCRIPTION | |
| Extent | xiii, 613 p. ; |
| Other physical details | 23 cm. |
| 505 ## - FORMATTED CONTENTS NOTE | |
| Formatted contents note | Beginning the journey -- Mapping the journey -- Revelation : lighting the way -- God : the beginning and the end -- Creation : the beginning -- Humanity and sin : rising and falling -- Christ : the light of the way -- Salvation : the way -- Church : walking together -- Last things : the end. |
| 650 ## - SUBJECT ADDED ENTRY--TOPICAL TERM | |
| Topical term or geographic name entry element | Theology, Doctrinal. |
| 9 (RLIN) | 14 |
| 942 ## - ADDED ENTRY ELEMENTS (KOHA) | |
| Source of classification or shelving scheme | Dewey Decimal Classification |
| Koha item type | Books |
| Withdrawn status | Lost status | Source of classification or shelving scheme | Damaged status | Not for loan | Home library | Current Library | Shelving location | Date acquired | Total checkouts | Full call number | Barcode | Date last seen | Copy number | Price effective from | Koha item type |
|---|---|---|---|---|---|---|---|---|---|---|---|---|---|---|---|
| Dewey Decimal Classification | GRACE BIBLE COLLEGE | GRACE BIBLE COLLEGE | Theology | 2021-02-22 | 230 STI | 020099 | 2025-05-01 | c.1 | 2021-02-22 | Books |